Thousand plants of Bangladesh : (Record no. 85394)
[ view plain ]
| 000 -LEADER | |
|---|---|
| fixed length control field | 00945nam a2200289 a 4500 |
| 001 - CONTROL NUMBER | |
| control field | 85394 |
| 003 - CONTROL NUMBER IDENTIFIER | |
| rucl marc code | BD-RjUL |
| 005 - DATE AND TIME OF LATEST TRANSACTION | |
| control field | 20250731145825.0 |
| 008 - FIXED-LENGTH DATA ELEMENTS--GENERAL INFORMATION | |
| fixed length control field | 250731s2023 bg ||||| |||| 00| 0 eng d |
| 020 ## - INTERNATIONAL STANDARD BOOK NUMBER | |
| International Standard Book Number | 9849684526 |
| International Standard Book Number | 9789849684527 |
| 035 ## - SYSTEM CONTROL NUMBER | |
| System control number | (BD-RjUL)85394 |
| 040 ## - CATALOGING SOURCE | |
| Original cataloging agency | BD-RjUL |
| Language of cataloging | eng |
| Transcribing agency | BD-RjUL |
| 041 ## - LANGUAGE CODE | |
| Language code of text/sound track or separate title | eng |
| 082 ## - DEWEY DECIMAL CLASSIFICATION NUMBER | |
| Classification number | 581.095492 |
| Author mark and year | YUT 2023 |
| 100 ## - MAIN ENTRY--PERSONAL NAME | |
| Personal name | Yusuf, Mohammed [Author] |
| 9 (RLIN) | 16377 |
| 245 ## - TITLE STATEMENT | |
| Title | Thousand plants of Bangladesh : |
| Remainder of title | a pictorial compendium / |
| Statement of responsibility, etc. | Mohammed Yusuf ... [et al.] |
| 260 ## - PUBLICATION, DISTRIBUTION, ETC. (IMPRINT) | |
| Place of publication, distribution, etc. | Chattogram : |
| Name of publisher, distributor, etc. | Bangledesh Forest Research Institute, |
| Date of publication, distribution, etc. | 2023 |
| 300 ## - PHYSICAL DESCRIPTION | |
| Pagination | v. : |
| Illustrations | ill. ; |
| Size | 28 cm. |
| 504 ## - BIBLIOGRAPHY, ETC. NOTE | |
| Bibliography, etc | Includes bibliographical references and index. |
| 505 01 - FORMATTED CONTENTS NOTE | |
| Formatted contents note | Vol.1-- Vol. 2-- |
| 650 ## - SUBJECT ADDED ENTRY--TOPICAL TERM | |
| Topical term or geographic name as entry element | Plants |
| Geographic subdivision | Bangladesh |
| 9 (RLIN) | 15283 |
| 700 ## - ADDED ENTRY--PERSONAL NAME | |
| Personal name | Mohiuddin, Mohammed [Author] |
| Personal name | Hossain, Mohammed Kamal [Author] |
| Personal name | Haider, Rafiqul [Author] |
| 942 ## - ADDED ENTRY ELEMENTS (KOHA) | |
| Source of classification or shelving scheme | Dewey Decimal Classification |
| Koha item type | Books |
| Lost status | Source of classification or shelving scheme | Damaged status | Not for loan | Collection code | Permanent Location | Current Location | Shelving location | Date acquired | Source of acquisition | Total Checkouts | Full call number | Date last seen | Copy number | Koha item type |
|---|---|---|---|---|---|---|---|---|---|---|---|---|---|---|
| Dewey Decimal Classification | Not For Loan | Non-fiction | Central Library, University of Rajshahi | Central Library, University of Rajshahi | Reading Room | 28/07/2025 | Author | 581.095492 YUT V-1 2023 | 31/07/2025 | C-1 | Books | |||
| Dewey Decimal Classification | Not For Loan | Non-fiction | Central Library, University of Rajshahi | Central Library, University of Rajshahi | Reading Room | 28/07/2025 | Author | 581.095492 YUT V-2 2023 | 31/07/2025 | C-1 | Books |